Slavic Geography by Letter - D - Statistics

General Stats
  • This quiz has been taken 448 times
  • The average score is 7 of 12
Answer Stats
Hint Answer % Correct
River that flow through 5 Slavic countries Danube
93%
Rostov on ___ Don
85%
Region of the above Dalmatia
79%
Famous Croatian tourist destination Dubrovnik
78%
Serbian currency Dinar
73%
Third longest European river Dnieper
67%
Southern half of the above Donetsk
61%
Capital of the German state of Saxony with Slavic name Dresden
59%
Name of the football clubs from Moscow, Kiev, Zagreb etc. Dinamo
56%
Far east historical region of Ukraine Donbas
41%
River on border of Serbia and Bosnia and Herzegovina Drina
20%
Longest Croatian island (44.5 km) Dugi Otok
9%
No matching quizzes found
Score Distribution
Percent of People with Each Score
Percentile by Number Answered
Your Score History
You have not taken this quiz